000 00385nam a22001457a 4500
008 151009b xxu||||| |||| 00| 0 eng d
041 0 _aeng
080 _a347.3
245 0 0 _aWest's federal practice digest 4th.
250 _a4th. ed.
260 _aSt. Paul, Minn. :
_bThomson/West,
_c1990.
300 _a1. v (Various pagings)
_c27 cm.
650 0 _aRaportet ligjore
942 _2udc
_cBK
999 _c1248
_d1248